[Event "Reims Echec et Mat-Montrevel en Bresse"]
[Site "Besancon"]
[Date "2008.03.15"]
[Round "8.6"]
[White "Chebance, Benoit"]
[Black "Todorova, Maya"]
[Result "1/2-1/2"]
[WhiteElo "2001"]
[BlackElo "1990"]
[PlyCount "20"]
[EventDate "2008.03.15"]
[SourceDate "2007.10.27"]

1. e4 d6 2. d4 e5 3. dxe5 dxe5 4. Qxd8+ Kxd8 5. Bc4 f6 6. Ne2 Bc5 7. O-O c6 8.
Kh1 Nd7 9. Nbc3 Ke7 10. Bb3 Nh6 {suite illisible} 1/2-1/2

[Event "Reims Echec et Mat-Montrevel en Bresse"]
[Site "Besancon"]
[Date "2008.03.15"]
[Round "8.7"]
[White "Barnier, Christophe"]
[Black "Testard, Philippe"]
[Result "0-1"]
[WhiteElo "1906"]
[BlackElo "1972"]
[PlyCount "52"]
[EventDate "2008.03.15"]
[SourceDate "2007.10.27"]

1. d4 d6 2. e3 Nf6 3. Bd3 e5 4. dxe5 dxe5 5. Nd2 Bc5 6. Ne2 O-O 7. O-O Nc6 8.
a3 a6 9. b4 Ba7 10. Bb2 Bg4 11. Re1 b5 12. Qb1 Qd7 13. Ng3 Rad8 14. Nb3 Rfe8
15. Ne4 Nxe4 16. Bxe4 f5 17. Bd3 Bh5 18. Be2 Bf7 19. Rd1 Qe6 20. Nd2 f4 21.
exf4 exf4 22. Bd3 Ne5 23. Re1 Bxf2+ 24. Kxf2 Qb6+ 25. Kf1 Nc4 26. Re2 Rxe2 0-1

[Event "Reims Echec et Mat-Montrevel en Bresse"]
[Site "Besancon"]
[Date "2008.03.15"]
[Round "8.8"]
[White "Damboise, Pierre Olivier"]
[Black "Desanlis, Anne Sophie"]
[Result "0-1"]
[WhiteElo "1926"]
[BlackElo "1904"]
[PlyCount "112"]
[EventDate "2008.03.15"]
[SourceDate "2007.10.27"]

1. e4 c5 2. Nf3 e6 3. d4 cxd4 4. Nxd4 Bc5 5. c3 Ne7 6. Be3 Bb6 7. Bb5 Nbc6 8.
O-O O-O 9. Nd2 a6 10. Ba4 Nxd4 11. cxd4 d5 12. e5 Nf5 13. Nf3 Nxe3 14. fxe3 Bd7
15. Bc2 Bb5 16. Rf2 f5 17. Ba4 Bxa4 18. Qxa4 Rc8 19. Rc2 Rxc2 20. Qxc2 Rf7 21.
Rc1 Rc7 22. Qd1 Rxc1 23. Qxc1 h6 24. Kf2 g5 25. g3 Qf8 26. Qc2 Kg7 27. Qb3 Qd8
28. Qb4 Qc7 29. Ke2 Ba5 30. Qb3 g4 31. Ng1 Kg6 32. Qd1 Qc4+ 33. Kf2 Qxa2 34.
Qc1 Qc4 35. Qxc4 dxc4 36. Ne2 b5 37. Nf4+ Kf7 38. Ke2 c3 39. b3 Bb4 40. Kd3 Ba5
41. Kc2 Ke7 42. Nd3 b4 43. Nc5 Kf7 44. Nxa6 h5 45. Nc5 Bd8 46. Na4 Bg5 47. Kd3
c2 48. Kxc2 Bxe3 49. Kd3 Bg1 50. Nb2 Bxh2 51. Nd1 Bxg3 52. Ke2 h4 53. Kf1 h3
54. Kg1 Bf4 55. Kh1 g3 56. Nb2 g2+ 0-1

[Event "Vandoeuvre II-Besancon TPG II"]
[Site "Besancon"]
[Date "2008.03.15"]
[Round "8.1"]
[White "Zaragatski, Ilja"]
[Black "Naudier, Serge"]
[Result "1-0"]
[WhiteElo "2464"]
[BlackElo "2266"]
[PlyCount "69"]
[EventDate "2008.03.15"]
[SourceDate "2007.10.27"]

1. e4 c5 2. Nf3 d6 3. d4 Nf6 4. Nc3 cxd4 5. Nxd4 g6 6. Bc4 Bg7 7. O-O O-O 8.
Re1 Nc6 9. Nb3 Ne5 10. Bf1 Be6 11. Nd5 Rc8 12. a4 Nc4 13. a5 Re8 14. c3 Qd7 15.
Nf4 Bg4 16. f3 e5 17. Nxg6 Be6 18. Nh4 d5 19. Nd2 Nxd2 20. Qxd2 Qc6 21. exd5
Nxd5 22. Bd3 Red8 23. Be4 Qc5+ 24. Qf2 Bf8 25. g3 Qc4 26. Kg2 Bc5 27. Qc2 Nf6
28. Bf5 e4 29. fxe4 Ng4 30. Bf4 Rd3 31. Qe2 Ne3+ 32. Bxe3 Bxe3 33. Qg4+ Kh8 34.
Kh3 Rg8 35. Qh5 1-0

[Event "Vandoeuvre II-Besancon TPG II"]
[Site "Besancon"]
[Date "2008.03.15"]
[Round "8.2"]
[White "Bonneville, Jean Paul"]
[Black "Becker, Martin"]
[Result "0-1"]
[WhiteElo "2219"]
[BlackElo "2365"]
[PlyCount "50"]
[EventDate "2008.03.15"]
[SourceDate "2007.10.27"]

1. d4 d5 2. c4 e6 3. Nf3 Nf6 4. g3 dxc4 5. Qa4+ c6 6. Qxc4 b5 7. Qc2 Bb7 8. Bg2
Nbd7 9. O-O c5 10. dxc5 Bxc5 11. Bg5 Rc8 12. Qb3 Qb6 13. Bxf6 Bd5 14. Bxg7 Bxb3
15. Bxh8 Bd5 16. Nc3 Bc6 17. Ne5 Bxg2 18. Kxg2 Bd4 19. f4 Nxe5 20. Bxe5 Qc6+
21. Kh3 Bxe5 22. fxe5 b4 23. Nd1 Qe4 24. Rf4 Qxe2 25. Rxb4 Rc2 0-1

[Event "Vandoeuvre II-Besancon TPG II"]
[Site "Besancon"]
[Date "2008.03.15"]
[Round "8.3"]
[White "Schlawin, Marlon"]
[Black "Stefanski, Pascal"]
[Result "1-0"]
[WhiteElo "2328"]
[BlackElo "2101"]
[PlyCount "67"]
[EventDate "2008.03.15"]
[SourceDate "2007.10.27"]

1. e4 c5 2. Nf3 e6 3. c3 d5 4. exd5 Qxd5 5. d4 Nf6 6. Be2 cxd4 7. cxd4 Nc6 8.
Nc3 Qd6 9. O-O Be7 10. Bg5 O-O 11. Bh4 Nb4 12. Ne5 Nbd5 13. Rc1 a6 14. Bf3 Bd8
15. Qd2 Nxc3 16. bxc3 Ne4 17. Bxe4 Bxh4 18. c4 Bf6 19. c5 Qe7 20. f4 Rb8 21.
Rb1 Bxe5 22. fxe5 Bd7 23. Rf3 Bc6 24. Qc2 Bxe4 25. Qxe4 Rfd8 26. Rfb3 Rd5 27.
Rb6 Rd7 28. c6 Rc7 29. cxb7 g6 30. h3 a5 31. Kh2 Rd7 32. Qc6 Qd8 33. Qc5 Rd5
34. Rd6 1-0

[Event "Vandoeuvre II-Besancon TPG II"]
[Site "Besancon"]
[Date "2008.03.15"]
[Round "8.4"]
[White "Poignot, Quentin"]
[Black "Iglesias, Joachim"]
[Result "0-1"]
[WhiteElo "2046"]
[BlackElo "2168"]
[PlyCount "90"]
[EventDate "2008.03.15"]
[SourceDate "2007.10.27"]

1. e4 c5 2. Nf3 d6 3. d4 Nf6 4. Nc3 cxd4 5. Nxd4 g6 6. Be3 Bg7 7. f3 O-O 8. Qd2
Nc6 9. Bc4 Bd7 10. O-O-O Qa5 11. Bb3 Rfc8 12. h4 Ne5 13. h5 Nxh5 14. Nd5 Qxd2+
15. Rxd2 Kf8 16. g4 Nf6 17. Rdh2 Nexg4 18. fxg4 Nxg4 19. Rxh7 e6 20. Bg1 exd5
21. Bxd5 Bc6 22. Be6 Nf6 23. Rxg7 Kxg7 24. Bxc8 Bxe4 25. Bxb7 Bxb7 26. Rh2 a6
27. Nb3 Ne4 28. Bd4+ f6 29. Re2 Rh8 30. c3 Rh4 31. Nd2 g5 32. Nxe4 Rxe4 33.
Rxe4 Bxe4 34. Kd2 Kg6 35. Ke3 f5 36. a4 Bc2 37. a5 f4+ 38. Kf3 Kf5 39. Bb6 g4+
40. Kg2 Be4+ 41. Kf1 g3 42. Bd4 f3 43. Be3 Bd3+ 44. Kg1 Ke4 45. Bd4 Bc4 0-1

[Event "Vandoeuvre II-Besancon TPG II"]
[Site "Besancon"]
[Date "2008.03.15"]
[Round "8.5"]
[White "Hoffer, Tristan"]
[Black "Lozac'hmeur, Yann"]
[Result "0-1"]
[WhiteElo "2072"]
[BlackElo "2044"]
[PlyCount "72"]
[EventDate "2008.03.15"]
[SourceDate "2007.10.27"]

1. e4 e6 2. d3 d5 3. Nd2 Nf6 4. g3 Be7 5. Bg2 O-O 6. Ngf3 c5 7. O-O Nc6 8. h4
Qc7 9. c3 b5 10. Re1 Rd8 11. a3 a5 12. e5 Nd7 13. d4 Rb8 14. Nf1 b4 15. N1h2
bxc3 16. bxc3 Ba6 17. Ng5 Nf8 18. Be3 Rb2 19. Qh5 Bxg5 20. hxg5 Bd3 21. f4 Rdb8
22. g4 Rc2 23. Rac1 Rbb2 24. Rxc2 Rxc2 25. f5 Rxc3 26. dxc5 Rxa3 27. Bf4 Nd4
28. Bf1 Qxc5 29. Be3 Bxf1 30. Nxf1 Qb4 31. Rd1 Nf3+ 32. Kf2 Nxe5 33. Bd4 Nd3+
34. Rxd3 Rxd3 35. Bxg7 Qf4+ 36. Kg1 Rd1 0-1

[Event "Vandoeuvre II-Besancon TPG II"]
[Site "Besancon"]
[Date "2008.03.15"]
[Round "8.6"]
[White "Coulon, Maxcellend"]
[Black "Vigneron, Jean"]
[Result "1-0"]
[WhiteElo "2042"]
[BlackElo "1923"]
[PlyCount "103"]
[EventDate "2008.03.15"]
[SourceDate "2007.10.27"]

1. e4 d5 2. exd5 Qxd5 3. Nc3 Qa5 4. Bc4 c6 5. d3 Nf6 6. Bd2 Qc7 7. Qe2 Nbd7 8.
a4 Nb6 9. Bb3 Bg4 10. f3 Bd7 11. Qf2 Nbd5 12. Nge2 e6 13. g4 Qb6 14. d4 Nxc3
15. Nxc3 Bb4 16. O-O Bxc3 17. bxc3 h5 18. g5 Nd5 19. c4 Ne7 20. Rfe1 O-O 21. c5
Qc7 22. a5 g6 23. Qh4 Nf5 24. Qe4 b6 25. Bf4 Qd8 26. axb6 axb6 27. Rxa8 Qxa8
28. cxb6 Qa5 29. b7 Nxd4 30. Rd1 c5 31. b8=Q Rxb8 32. Bxb8 Bc6 33. Qd3 Nxf3+
34. Kf2 Qb4 35. Qd8+ Kh7 36. Qf6 Qxb8 37. Qxf7+ Kh8 38. Qf6+ Kh7 39. Bxe6 Qxh2+
40. Ke3 Qe5+ 41. Qxe5 Nxe5 42. Kf4 Nf3 43. c3 Nh4 44. Rd6 Ba4 45. Ke5 Nf5 46.
Ra6 Bc2 47. Ra7+ Kh8 48. Kf6 Ne3 49. Ra8+ Kh7 50. Bg8+ Kh8 51. Bb3+ Kh7 52.
Ra7+ 1-0

[Event "Vandoeuvre II-Besancon TPG II"]
[Site "Besancon"]
[Date "2008.03.15"]
[Round "8.7"]
[White "Weigel, Marie"]
[Black "Pellaton, Bernard"]
[Result "1-0"]
[WhiteElo "1870"]
[BlackElo "2062"]
[PlyCount "71"]
[EventDate "2008.03.15"]
[SourceDate "2007.10.27"]

1. d4 Nf6 2. g3 e6 3. Bg2 d5 4. Nf3 Be7 5. O-O O-O 6. c4 b6 7. Nc3 Bb7 8. Ne5
Nbd7 9. Qc2 c5 10. Rd1 cxd4 11. Nxd7 Qxd7 12. Rxd4 e5 13. Rd1 d4 14. Ne4 Rad8
15. Bg5 Bxe4 16. Bxe4 Nxe4 17. Bxe7 Qxe7 18. Qxe4 f5 19. Qc2 e4 20. f3 Qc5 21.
Kg2 Rfe8 22. Rd2 d3 23. exd3 exf3+ 24. Kh1 Qc6 25. Kg1 Qc5+ 26. Kh1 Qe3 27. Rf1
f4 28. d4 fxg3 29. hxg3 Re6 30. Rh2 Rh6 31. d5 Rxh2+ 32. Kxh2 Rf8 33. b4 f2 34.
c5 Qf3 35. Qb3 Qh5+ 36. Kg2 {suite illisible} 1-0

[Event "Vandoeuvre II-Besancon TPG II"]
[Site "Besancon"]
[Date "2008.03.15"]
[Round "8.8"]
[White "Jeannerot, Lea"]
[Black "Dupont, Francois"]
[Result "0-1"]
[WhiteElo "1956"]
[BlackElo "1835"]
[PlyCount "106"]
[EventDate "2008.03.15"]
[SourceDate "2007.10.27"]

1. e4 g6 2. d4 Bg7 3. Nf3 d6 4. c3 Nf6 5. Bd3 c6 6. h3 Nbd7 7. Be3 Qc7 8. O-O
O-O 9. Qd2 Re8 10. Bh6 Bh8 11. Re1 e5 12. Ng5 d5 13. Bc2 Nb6 14. b3 a5 15. Qd3
dxe4 16. Nxe4 Nxe4 17. Qxe4 Bf5 18. Qe2 Bxc2 19. Qxc2 exd4 20. Rd1 dxc3 21.
Nxc3 Qe5 22. Rac1 Qxc3 23. Qxc3 Bxc3 24. Rxc3 Nd5 25. Rc2 a4 26. bxa4 Rxa4 27.
Rb2 Ra7 28. Kh2 f6 29. h4 Kf7 30. Rd3 Re4 31. g3 b5 32. Kg2 Rea4 33. Rdd2 Ra3
34. Rdc2 Rc3 35. Bd2 Rxc2 36. Rxc2 Ra6 37. Kf3 Ke6 38. Ke4 Ra4+ 39. Kd3 Kd6 40.
Rb2 Ra3+ 41. Kc2 Kc5 42. Bh6 Kc4 43. Bf8 c5 44. Kc1 Nc3 45. Rc2 Rxa2 46. Bxc5
Rxc2+ 47. Kxc2 Kxc5 48. Kxc3 f5 49. f3 b4+ 50. Kd3 b3 51. Kc3 b2 52. Kxb2 Kd4
53. g4 f4 0-1

[Event "Besancon TPG II-Epinal"]
[Site "Besancon"]
[Date "2008.03.16"]
[Round "9.1"]
[White "Naudier, Serge"]
[Black "Spielmann, Alain"]
[Result "1/2-1/2"]
[WhiteElo "2266"]
[BlackElo "2279"]
[PlyCount "23"]
[EventDate "2008.03.16"]
[SourceDate "2007.10.27"]

1. e4 g6 2. d4 Bg7 3. Nf3 c6 4. Be2 d5 5. Nbd2 Bg4 6. c3 dxe4 7. Nxe4 Nf6 8.
Nxf6+ exf6 9. h3 Be6 10. Bf4 O-O 11. Qd2 Re8 12. O-O 1/2-1/2

[Event "Besancon TPG II-Epinal"]
[Site "Besancon"]
[Date "2008.03.16"]
[Round "9.2"]
[White "Adrian, Claude"]
[Black "Bonneville, Jean Paul"]
[Result "1/2-1/2"]
[WhiteElo "2285"]
[BlackElo "2219"]
[PlyCount "47"]
[EventDate "2008.03.16"]
[SourceDate "2007.10.27"]

1. c4 Nf6 2. Nc3 g6 3. g3 Bg7 4. Bg2 O-O 5. d4 d6 6. Nf3 Nbd7 7. O-O e5 8. Qc2
exd4 9. Nxd4 Nb6 10. Rd1 Nxc4 11. Ncb5 a6 12. Qxc4 axb5 13. Nxb5 Bd7 14. a4 d5
15. Qb3 c6 16. Nc3 b5 17. Bf4 bxa4 18. Rxa4 Rxa4 19. Nxa4 Re8 20. e3 Nh5 21.
Nc5 Nxf4 22. gxf4 Bg4 23. Rc1 Qd6 24. Nd3 1/2-1/2

[Event "Besancon TPG II-Epinal"]
[Site "Besancon"]
[Date "2008.03.16"]
[Round "9.3"]
[White "Lozac'hmeur, Yann"]
[Black "Bakalarz, Mietek"]
[Result "1/2-1/2"]
[WhiteElo "2044"]
[BlackElo "2347"]
[PlyCount "69"]
[EventDate "2008.03.16"]
[SourceDate "2007.10.27"]

1. d4 Nf6 2. c4 g6 3. Nc3 d5 4. e3 Bg7 5. b4 a5 6. b5 c5 7. bxc6 bxc6 8. Nf3
O-O 9. Be2 c5 10. O-O cxd4 11. exd4 dxc4 12. Bxc4 Ba6 13. Bxa6 Nxa6 14. Bf4 Nd5
15. Nxd5 Qxd5 16. Qe2 e6 17. Be5 Rfc8 18. Rac1 Nb4 19. a3 Qa2 20. Qxa2 Nxa2 21.
Rxc8+ Rxc8 22. Rb1 a4 23. Bd6 Nc3 24. Re1 Nb5 25. Bc5 Bf8 26. Bxf8 Kxf8 27. Kf1
Nxa3 28. Ra1 Rc3 29. Ke2 f6 30. Ne1 Ke7 31. Nd3 Kd6 32. Kd2 Rb3 33. Nc5 Nc4+
34. Ke2 Ra3 35. Rxa3 1/2-1/2

[Event "Besancon TPG II-Epinal"]
[Site "Besancon"]
[Date "2008.03.16"]
[Round "9.4"]
[White "Simon, Leopold"]
[Black "Coulon, Maxcellend"]
[Result "0-1"]
[WhiteElo "2144"]
[BlackElo "2042"]
[PlyCount "88"]
[EventDate "2008.03.16"]
[SourceDate "2007.10.27"]

1. d4 d5 2. c4 e5 3. dxe5 d4 4. Nf3 Nc6 5. a3 a5 6. e3 Bg4 7. Be2 dxe3 8. Bxe3
Qxd1+ 9. Bxd1 Nge7 10. Nbd2 Ng6 11. Ba4 Bd7 12. Bxc6 Bxc6 13. O-O Be7 14. Rfe1
O-O 15. Bd4 Nf4 16. Ne4 Ne6 17. Bc3 Rfd8 18. Ng3 Bxf3 19. gxf3 Nf4 20. Rad1 b6
21. Ne4 h6 22. Kf1 Kf8 23. a4 Bb4 24. b3 Ke7 25. Rd2 Rxd2 26. Bxd2 Bxd2 27.
Nxd2 Rd8 28. Ne4 Rd3 29. Re3 Rd1+ 30. Re1 Rxe1+ 31. Kxe1 Nd3+ 32. Kd2 Nxe5 33.
Ke3 f5 34. Nd2 g5 35. h3 Ng6 36. Kd4 Kd6 37. Nf1 c5+ 38. Ke3 Nf4 39. Ng3 Ke5
40. Nf1 Nxh3 41. Nd2 Nf4 42. Nf1 h5 43. Ng3 h4 44. Nf1 Ne6 0-1

[Event "Besancon TPG II-Epinal"]
[Site "Besancon"]
[Date "2008.03.16"]
[Round "9.5"]
[White "Fevre, Mathieu"]
[Black "Grenouilloux, Alain"]
[Result "0-1"]
[WhiteElo "2022"]
[BlackElo "2117"]
[PlyCount "138"]
[EventDate "2008.03.16"]
[SourceDate "2007.10.27"]

1. e4 d6 2. d4 Nf6 3. Nc3 g6 4. Nf3 Bg7 5. h3 O-O 6. Be2 Nc6 7. Be3 e5 8. d5
Ne7 9. g4 c6 10. dxc6 bxc6 11. Qd2 Bb7 12. O-O-O d5 13. Nxe5 Nxe4 14. Nxe4 Bxe5
15. Nc5 Bc8 16. Bd4 Qd6 17. Bxe5 Qxe5 18. Rhe1 Rb8 19. Qd4 Qxd4 20. Rxd4 g5 21.
f4 gxf4 22. Rxf4 f5 23. Bd3 Ng6 24. Ra4 Ra8 25. Ne6 Bxe6 26. Rxe6 f4 27. Bxg6
hxg6 28. Rxg6+ Kh7 29. Rg5 f3 30. Rf5 Rxf5 31. gxf5 Re8 32. Rf4 Re1+ 33. Kd2
Re2+ 34. Kd3 Rf2 35. b3 Kg7 36. f6+ Kf7 37. b4 a6 38. a4 Rf1 39. a5 Rd1+ 40.
Ke3 Re1+ 41. Kd2 Rf1 42. c3 Rf2+ 43. Ke3 Rc2 44. Kd3 Rf2 45. c4 dxc4+ 46. Rxc4
Rb2 47. Ke3 f2 48. Rf4 Rxb4 49. Rxf2 Rb5 50. Kd4 Rxa5 51. Rc2 Rd5+ 52. Kc4 Kxf6
53. Kb4 Rf5 54. Kc4 Ke6 55. Rg2 Kd6 56. Rg6+ Kc7 57. h4 a5 58. Kc3 Kb6 59. Rg5
Rf1 60. h5 Rh1 61. Kb3 Rh4 62. Rf5 c5 63. Rf6+ Kb5 64. h6 Rh3+ 65. Kb2 Kb4 66.
Rb6+ Kc4 67. Ra6 Rh2+ 68. Kb1 a4 69. Rxa4+ Kb3 0-1

[Event "Besancon TPG II-Epinal"]
[Site "Besancon"]
[Date "2008.03.16"]
[Round "9.6"]
[White "Bakalarz, Grazyna"]
[Black "Poignot, Quentin"]
[Result "1/2-1/2"]
[WhiteElo "2041"]
[BlackElo "2046"]
[PlyCount "158"]
[EventDate "2008.03.16"]
[SourceDate "2007.10.27"]

1. d4 Nf6 2. Nf3 e6 3. Bg5 c5 4. c3 b6 5. e3 Bb7 6. Be2 Be7 7. O-O O-O 8. Nbd2
d6 9. Bxf6 Bxf6 10. e4 Nd7 11. Re1 Qc7 12. Rc1 Rac8 13. Bd3 Rfd8 14. b3 Qb8 15.
Qe2 Qa8 16. h3 g6 17. Nc4 Qb8 18. Ne3 Bg7 19. d5 Nf6 20. c4 Nh5 21. g3 e5 22.
Nh2 Rf8 23. Qc2 Rce8 24. Be2 Nf6 25. Rcd1 Bc8 26. Bf1 Nh5 27. Nf3 f5 28. exf5
gxf5 29. Ng2 Qc7 30. Ngh4 Qe7 31. Qe2 Nf6 32. Ng5 Bh6 33. Ne6 Bxe6 34. dxe6
Qxe6 35. Qd3 Ne4 36. Bg2 Rd8 37. Rxe4 fxe4 38. Bxe4 Qe7 39. Nf5 Qf6 40. Qf3 Kh8
41. Qh5 Qg5 42. Qf3 Rf7 43. h4 Rxf5 44. Qxf5 Qxf5 45. Bxf5 Bf8 46. Be4 Kg7 47.
Kg2 h6 48. Rd3 Be7 49. f3 Bf6 50. Kh3 Be7 51. Kg4 Rf8 52. Rd1 Rf6 53. Kh5 Rf8
54. Rg1 Rf6 55. f4 exf4 56. gxf4+ Kf7 57. Bg6+ Kg7 58. f5 Rf8 59. Be8+ Kh7 60.
Bd7 Rf6 61. Re1 Rf7 62. Re4 Bf6 63. Re6 Kg7 64. Rxd6 Re7 65. Be6 Re8 66. Rd7+
Re7 67. Rd2 Kh7 68. Rg2 Rg7 69. Rg6 Rxg6 70. fxg6+ Kg7 71. Bf7 Be7 72. Be8 Bf8
73. Kg4 Kf6 74. Kf4 Bg7 75. Ke4 Ke6 76. Bf7+ Kd6 77. h5 Bd4 78. Kf5 Bg7 79. Bg8
Ke7 1/2-1/2

[Event "Besancon TPG II-Epinal"]
[Site "Besancon"]
[Date "2008.03.16"]
[Round "9.7"]
[White "Chevassu, Franck"]
[Black "Vincent, Bernard"]
[Result "1-0"]
[WhiteElo "1930"]
[BlackElo "1843"]
[PlyCount "67"]
[EventDate "2008.03.16"]
[SourceDate "2007.10.27"]

1. e4 e6 2. d4 d5 3. Nd2 Nf6 4. e5 Nfd7 5. f4 c5 6. c3 Nc6 7. Ndf3 Qb6 8. Ne2
cxd4 9. cxd4 Bb4+ 10. Bd2 O-O 11. Bxb4 Qxb4+ 12. Qd2 Qxd2+ 13. Kxd2 f6 14. Nc3
fxe5 15. fxe5 Rxf3 16. gxf3 Nxd4 17. f4 Nf8 18. Bd3 Bd7 19. Ne2 Nc6 20. Rac1 a6
21. Ke3 Rd8 22. Nd4 Be8 23. Rhg1 g6 24. h4 Kh8 25. a3 Bd7 26. h5 gxh5 27. Rh1
Ng6 28. Rxh5 Nxd4 29. Kxd4 Kg7 30. Rc7 h6 31. f5 Nf4 32. f6+ Kf7 33. Rxh6 Nxd3
34. Kxd3 1-0

[Event "Besancon TPG II-Epinal"]
[Site "Besancon"]
[Date "2008.03.16"]
[Round "9.8"]
[White "Baujard, Anne"]
[Black "Jeannerot, Lea"]
[Result "1-0"]
[WhiteElo "1927"]
[BlackElo "1956"]
[PlyCount "105"]
[EventDate "2008.03.16"]
[SourceDate "2007.10.27"]

1. c4 Nf6 2. Nc3 d5 3. cxd5 Nxd5 4. g3 g6 5. Bg2 Nf6 6. Nf3 Bg7 7. O-O O-O 8.
a3 Nc6 9. b4 a6 10. Bb2 Bg4 11. Rc1 Qd7 12. Na4 Ne4 13. Bxg7 Kxg7 14. d3 Nd6
15. Nc5 Qc8 16. Nxb7 Qxb7 17. Ne5 Qc8 18. Nxc6 Qe6 19. Nd4 Qe5 20. Nf3 Bxf3 21.
Bxf3 Ra7 22. Rc5 Qe6 23. Qa1+ Kg8 24. Rfc1 Rc8 25. Rc6 h6 26. Qd4 Raa8 27. a4
Rd8 28. Qc3 Rdc8 29. Qb2 Ra7 30. Qd4 Raa8 31. Rxc7 Rxc7 32. Rxc7 Rb8 33. Qa7
Rxb4 34. Qxa6 g5 35. Qa8+ Kg7 36. Qa5 Qh3 37. Qe5+ Kg8 38. Rc1 Qd7 39. Bc6 Qa7
40. Qc5 Qb8 41. Bb5 Rb2 42. Qe5 Rb3 43. Qxe7 Nxb5 44. axb5 Qxb5 45. Rc8+ Kg7
46. Qf8+ Kg6 47. Qg8+ Kf6 48. Qh8+ Kg6 49. Qg8+ Kf6 50. Qd8+ Kg6 51. Qd6+ Kh5
52. Rc6 Rb1+ 53. Kg2 1-0

[Event "Grenoble-Reims Echec et Mat"]
[Site "Besancon"]
[Date "2008.03.16"]
[Round "9.1"]
[White "Forgues, Fabien"]
[Black "Camus, Berenger"]
[Result "0-1"]
[WhiteElo "2146"]
[BlackElo "2154"]
[PlyCount "64"]
[EventDate "2008.03.16"]
[SourceDate "2007.10.27"]

1. e4 c5 2. Nf3 Nc6 3. d4 cxd4 4. Nxd4 Nf6 5. Nc3 e5 6. Ndb5 d6 7. Nd5 Nxd5 8.
exd5 Nb8 9. c4 a6 10. Nc3 Be7 11. Be2 O-O 12. O-O f5 13. f4 Nd7 14. Kh1 Bf6 15.
Qc2 exf4 16. Bxf4 Ne5 17. Rac1 Bd7 18. b4 Rc8 19. Qb3 Qe8 20. Rfe1 g5 21. Be3
f4 22. Bg1 Qg6 23. c5 Bf5 24. c6 b5 25. a4 g4 26. Rf1 f3 27. gxf3 gxf3 28. Rxf3
Nxf3 29. Bxf3 Bxc3 30. Rxc3 Be4 31. Bb6 Rxf3 32. Rxf3 Qg4 0-1

[Event "Grenoble-Reims Echec et Mat"]
[Site "Besancon"]
[Date "2008.03.16"]
[Round "9.2"]
[White "Varoquier, Romain"]
[Black "Debray, Francois"]
[Result "1/2-1/2"]
[WhiteElo "2068"]
[BlackElo "2137"]
[PlyCount "49"]
[EventDate "2008.03.16"]
[SourceDate "2007.10.27"]

1. e4 Nf6 2. Nc3 e5 3. Nf3 Nc6 4. Bb5 Bd6 5. O-O O-O 6. d3 h6 7. a3 Re8 8. Ne2
a6 9. Bc4 b5 10. Ba2 Bf8 11. Ng3 d5 12. h3 Be6 13. Be3 Qd7 14. Nh2 dxe4 15.
dxe4 Bxa2 16. Qxd7 Nxd7 17. Rxa2 Nf6 18. Rd1 Rad8 19. Raa1 g6 20. Ng4 Nxg4 21.
hxg4 Kg7 22. Nf1 Kf6 23. c3 Rxd1 24. Rxd1 Rd8 25. Rxd8 1/2-1/2

[Event "Grenoble-Reims Echec et Mat"]
[Site "Besancon"]
[Date "2008.03.16"]
[Round "9.3"]
[White "Prost, Frederic"]
[Black "Garcia, Gilles"]
[Result "0-1"]
[WhiteElo "2107"]
[BlackElo "2026"]
[PlyCount "118"]
[EventDate "2008.03.16"]
[SourceDate "2007.10.27"]

1. e4 d5 2. exd5 Nf6 3. d4 Bg4 4. Nf3 Qxd5 5. Be2 Nc6 6. O-O O-O-O 7. Be3 e6 8.
h3 h5 9. c3 Bd6 10. Ng5 Bxe2 11. Qxe2 Rdf8 12. Rd1 Nh7 13. Nxh7 Rxh7 14. Qd3 g6
15. c4 Qf5 16. Qxf5 gxf5 17. Nc3 a6 18. c5 Be7 19. d5 Nb4 20. d6 Bf6 21. Rac1
cxd6 22. cxd6 Kb8 23. Bc5 Nc6 24. b4 Ne5 25. Bb6 Bd8 26. Be3 Nc4 27. Ne2 b5 28.
Nd4 Kb7 29. Nb3 f6 30. Bc5 Rd7 31. Rd4 e5 32. Rh4 Rh8 33. Rd1 f4 34. g4 f5 35.
Rxh5 Rxh5 36. gxh5 Bc7 37. Rd5 Bxd6 38. h6 Kc6 39. Rd1 Rh7 40. Na5+ Kc7 41.
Nxc4 Bxc5 42. Nxe5 Bxb4 43. Rc1+ Kd6 44. Nd3 Ba3 45. Rc3 b4 46. Rc8 Rxh6 47.
Ra8 Kd5 48. Nxf4+ Ke4 49. Ne2 Kd3 50. Ng3 f4 51. Nf5 Rxh3 52. Rxa6 f3 53. Rc6
Rh5 54. Ne3 Bb2 55. Ra6 Bc3 56. Nf1 Rg5+ 57. Ng3 Bd4 58. Kf1 Rc5 59. Re6 Rc2
0-1

[Event "Grenoble-Reims Echec et Mat"]
[Site "Besancon"]
[Date "2008.03.16"]
[Round "9.4"]
[White "Castanier, Carl"]
[Black "Tching Sin, Olivier"]
[Result "1/2-1/2"]
[WhiteElo "1978"]
[BlackElo "2034"]
[PlyCount "75"]
[EventDate "2008.03.16"]
[SourceDate "2007.10.27"]

1. e4 c5 2. Nc3 Nc6 3. g3 g6 4. Bg2 Bg7 5. d3 e5 6. Be3 d6 7. Qd2 Nge7 8. Nd1
b5 9. Bh6 Bxh6 10. Qxh6 Nd4 11. Qd2 Rb8 12. c3 Ndc6 13. Ne2 Qa5 14. Ne3 b4 15.
Nc4 Qc7 16. O-O O-O 17. h3 Be6 18. Ne3 f5 19. f4 Qd7 20. Kh2 d5 21. exf5 Nxf5
22. Ng4 Qd6 23. fxe5 Nxe5 24. Nxe5 Qxe5 25. Nf4 d4 26. Rae1 Ne3 27. Rf3 Qd6 28.
c4 Rbe8 29. Qf2 Bf5 30. Kg1 a5 31. g4 Bd7 32. Nd5 Nxd5 33. Rxf8+ Rxf8 34. Bxd5+
Kg7 35. Qh2 Re8 36. Rf1 Rf8 37. Re1 Re8 38. Rf1 1/2-1/2

[Event "Grenoble-Reims Echec et Mat"]
[Site "Besancon"]
[Date "2008.03.16"]
[Round "9.5"]
[White "Calin, Miguel"]
[Black "Billon, Olivier"]
[Result "1-0"]
[WhiteElo "2019"]
[BlackElo "1914"]
[PlyCount "81"]
[EventDate "2008.03.16"]
[SourceDate "2007.10.27"]

1. d4 Nf6 2. Nf3 g6 3. Bf4 Bg7 4. Nc3 d6 5. e3 O-O 6. Be2 a6 7. a4 Bd7 8. h4 h6
9. Nd2 c5 10. dxc5 dxc5 11. g4 Bc6 12. e4 Ne8 13. Ra3 Nd7 14. g5 h5 15. Bxh5
gxh5 16. Qxh5 b5 17. Nd1 Bb7 18. Ne3 c4 19. Nf5 b4 20. Rg3 c3 21. bxc3 bxc3 22.
Nh6+ Bxh6 23. gxh6+ Kh8 24. Rxc3 Rc8 25. Rg1 Rxc3 26. Be5+ Nxe5 27. Qxe5+ f6
28. Qxc3 Qc7 29. Qb3 Qd7 30. h7 Ng7 31. h5 Kxh7 32. Qg3 e5 33. Qg6+ Kh8 34.
Qh6+ Kg8 35. Qg6 Kh8 36. Qh6+ Kg8 37. Qg6 Rd8 38. Kf1 Kh8 39. Qh6+ Kg8 40. Qxf6
Qf7 41. Qxd8+ 1-0

[Event "Grenoble-Reims Echec et Mat"]
[Site "Besancon"]
[Date "2008.03.16"]
[Round "9.6"]
[White "Todorova, Maya"]
[Black "Mahon, Vivien"]
[Result "1-0"]
[WhiteElo "1990"]
[BlackElo "1971"]
[PlyCount "149"]
[EventDate "2008.03.16"]
[SourceDate "2007.10.27"]

1. e4 c6 2. d4 d5 3. exd5 cxd5 4. Bd3 Qc7 5. h3 Nc6 6. Nf3 e6 7. O-O a6 8. Re1
Nb4 9. Nc3 Nxd3 10. cxd3 Nf6 11. Bg5 Be7 12. Rc1 Qd8 13. Ne5 O-O 14. Na4 Bd7
15. Nc5 Bc6 16. Qe2 Re8 17. Qf3 Bf8 18. Bh4 Bd6 19. g4 h6 20. g5 Bxe5 21. Rxe5
Nd7 22. Nxd7 Bxd7 23. g6 f6 24. Qh5 Rc8 25. Rce1 Rf8 26. R5e2 Rc6 27. Bg3 f5
28. Bh4 Qc7 29. Be7 Re8 30. Bb4 Qf4 31. Bd2 Qxd4 32. Qxf5 Rf8 33. Qh5 Qf6 34.
Kh2 Qf5 35. Qh4 Qf6 36. Qg3 Qf3 37. Bc3 Qxg3+ 38. Kxg3 Rf5 39. h4 Rc8 40. Be5
Rcf8 41. f4 Rc8 42. Bc3 Rcf8 43. Be5 Rc8 44. Bd6 Rf6 45. h5 Rc6 46. Be7 Rf5 47.
Re5 Rxe5 48. fxe5 Rc8 49. Bd6 Bb5 50. Re3 Re8 51. Rf3 Rc8 52. Kf2 Rc2+ 53. Ke3
Rc8 54. Rf7 Bc6 55. Re7 Re8 56. Rc7 Rd8 57. Kd4 Re8 58. b3 Rd8 59. a4 Re8 60.
Kc5 Ra8 61. Be7 Re8 62. Kd6 d4 63. Kxe6 Bf3 64. Kf5 Be2 65. Ke6 Bxh5 66. Kd7
Bxg6 67. Rxb7 Ra8 68. Bc5 Bxd3 69. Bxd4 g5 70. e6 Bf5 71. Kd6 Rd8+ 72. Rd7
Rxd7+ 73. exd7 Bxd7 74. Kxd7 g4 75. Ke6 1-0